[Event "Magyar Rapid Bajnokság"]
[Site "Ajka"]
[Date "2018.07.20"]
[Round "2.11"]
[White "Kovacs, Elod"]
[Black "Czebe, Attila"]
[Result "0-1"]
[WhiteElo "2126"]
[BlackElo "2488"]
[PlyCount "104"]
[EventDate "2018.07.20"]
[EventType "swiss"]
[EventRounds "13"]
[EventCountry "HUN"]

1. d4 Nf6 2. c4 b6 3. Nc3 Bb7 4. e3 g6 5. Nf3 Bg7 6. Be2 O-O 7. O-O d6 8. b3 e5
9. Bb2 Ne4 10. Nxe4 Bxe4 11. Nd2 Bb7 12. Bf3 Nc6 13. dxe5 dxe5 14. Bd5 Qc8 15.
Qe2 Ne7 16. Bxb7 Qxb7 17. b4 Rfd8 18. a3 Qc6 19. Nb3 Rd7 20. Rfd1 Rad8 21. Rxd7
Qxd7 22. Kf1 Qd3 23. Qxd3 Rxd3 24. Nc1 Rd2 25. Bc3 Rc2 26. Ne2 e4 27. Bxg7 Kxg7
28. Rc1 Ra2 29. Nc3 Rxa3 30. Nxe4 Nc6 31. b5 Ne5 32. Nd2 Nd3 33. Rc2 Ra1+ 34.
Ke2 Nc5 35. Nf3 a5 36. bxa6 Nxa6 37. Nd4 Nb4 38. Rb2 Ra4 39. Nb5 Na6 40. Rc2 c6
41. Nd6 Nc7 42. Rb2 Ra6 43. Nc8 b5 44. cxb5 Nxb5 45. Rd2 Nc3+ 46. Kf3 Nd5 47.
Nd6 Kf8 48. Ne4 Ke7 49. Nc5 Ra3 50. Kg4 h5+ 51. Kg5 Nf6 52. e4 Ra5 0-1

[Event "Magyar Rapid Bajnokság"]
[Site "Ajka"]
[Date "2018.07.20"]
[Round "2.12"]
[White "Horvath, Adam"]
[Black "Varga, Klara"]
[Result "1-0"]
[WhiteElo "2479"]
[BlackElo "2183"]
[PlyCount "105"]
[EventDate "2018.07.20"]
[EventType "swiss"]
[EventRounds "13"]
[EventCountry "HUN"]

1. e4 e6 2. d4 d5 3. Nd2 Be7 4. e5 b6 5. f4 a5 6. a4 Ba6 7. Bxa6 Nxa6 8. Ngf3
Qd7 9. O-O h5 10. Nb1 Nh6 11. Be3 Nf5 12. Bf2 O-O-O 13. b3 Kb7 14. Qe2 Rdg8 15.
c4 g5 16. fxg5 Bxg5 17. cxd5 Qxd5 18. Nc3 Qc6 19. Ne4 Bd8 20. Rac1 Qd5 21. Rc4
Nb4 22. Rfc1 Rg4 23. Nf6 Bxf6 24. Rxc7+ Kb8 25. exf6 Rhg8 26. g3 Nxd4 27. Nxd4
Rxd4 28. Rxf7 Rd2 29. Qc4 Qxc4 30. Rxc4 Nd5 31. g4 hxg4 32. Bg3+ Ka8 33. Rg7
Rf8 34. f7 Ne3 35. Rg8 Rdd8 36. Rxf8 Rxf8 37. Rc7 Nf5 38. Bf4 e5 39. Bxe5 Nh6
40. Bd4 Rxf7 41. Rxf7 Nxf7 42. Bxb6 Ne5 43. Bxa5 Nd3 44. Bb6 Nc1 45. b4 Na2 46.
Bc5 Nc3 47. a5 Kb7 48. Kf2 Ne4+ 49. Ke2 Ng5 50. Bd6 Ka6 51. Ke3 Nf3 52. Kf2 Kb5
53. Kg3 1-0

[Event "Magyar Rapid Bajnokság"]
[Site "Ajka"]
[Date "2018.07.20"]
[Round "2.14"]
[White "Horvath, Peter"]
[Black "Buzas, Bertalan"]
[Result "1-0"]
[WhiteElo "2438"]
[BlackElo "2133"]
[PlyCount "95"]
[EventDate "2018.07.20"]
[EventType "swiss"]
[EventRounds "13"]
[EventCountry "HUN"]

1. d4 Nf6 2. c4 g6 3. Nc3 Bg7 4. g3 O-O 5. Bg2 d6 6. Nf3 c5 7. d5 Na6 8. O-O
Nc7 9. a4 b6 10. h3 a6 11. e4 Rb8 12. e5 Nfe8 13. Qe2 Bd7 14. Bg5 dxe5 15. Rfe1
f6 16. Be3 a5 17. h4 Bg4 18. Qf1 Nd6 19. Nh2 Bd7 20. h5 Nf5 21. hxg6 hxg6 22.
Qd3 Ne8 23. g4 Nh4 24. f4 f5 25. fxe5 Bxe5 26. Bf2 Bxh2+ 27. Kxh2 Nxg2 28. Kxg2
Nf6 29. Bg3 Rc8 30. g5 Nh5 31. Be5 e6 32. Rg1 exd5 33. Nxd5 Bc6 34. Kf2 Bxd5
35. Qxd5+ Qxd5 36. cxd5 Rfe8 37. Rge1 Rcd8 38. Rad1 Rd7 39. Kf3 Kf7 40. b3 Red8
41. d6 b5 42. Rd5 bxa4 43. bxa4 Rc8 44. Rc1 Rb8 45. Rdxc5 Rb3+ 46. Kf2 Rb4 47.
Rc7 Rb7 48. Rxb7 1-0

[Event "Magyar Rapid Bajnokság"]
[Site "Ajka"]
[Date "2018.07.20"]
[Round "2.15"]
[White "Mihok, Laszlo"]
[Black "Csiszar, Csaba"]
[Result "0-1"]
[WhiteElo "2066"]
[BlackElo "2432"]
[PlyCount "120"]
[EventDate "2018.07.20"]
[EventType "swiss"]
[EventRounds "13"]
[EventCountry "HUN"]

1. d4 Nf6 2. Bg5 c6 3. Nf3 Qb6 4. b3 Ne4 5. Bd2 g6 6. e3 Bg7 7. Bd3 Nxd2 8.
Nbxd2 O-O 9. h4 c5 10. c3 d5 11. h5 Nd7 12. Kf1 e5 13. dxe5 Nxe5 14. Nxe5 Bxe5
15. Qc2 Qf6 16. Rc1 Bg4 17. Be2 Bxe2+ 18. Kxe2 Rad8 19. Nf3 Qa6+ 20. Ke1 Bf6
21. Qe2 Qa5 22. Qd2 Rfe8 23. Kf1 Qa6+ 24. Qe2 Qe6 25. hxg6 fxg6 26. Qc2 Rf8 27.
Rh3 Kg7 28. Re1 Rde8 29. Rg3 Qd6 30. Ng5 Bxg5 31. Rxg5 Qh2 32. Ke2 Rxf2+ 33.
Kxf2 Qh4+ 34. Rg3 Rf8+ 35. Kg1 Qxg3 36. Qe2 Re8 37. Qf2 Qe5 38. Rd1 b6 39. Qd2
Re7 40. Re1 d4 41. cxd4 cxd4 42. e4 h5 43. Rd1 Rd7 44. Qd3 Qf4 45. Re1 Qe5 46.
Rc1 h4 47. Rf1 Qg5 48. Re1 Qf4 49. e5 Rf7 50. e6 Qf2+ 51. Kh2 Qxe1 52. exf7
Qe5+ 53. Kg1 Qe3+ 54. Qxe3 dxe3 55. Kf1 Kxf7 56. Ke2 Kf6 57. Kxe3 Kf5 58. g3 h3
59. Kf3 Kg5 60. a3 a6 0-1

[Event "Magyar Rapid Bajnokság"]
[Site "Ajka"]
[Date "2018.07.20"]
[Round "2.16"]
[White "Mihok, Oliver"]
[Black "Sarok, Peter"]
[Result "1-0"]
[WhiteElo "2426"]
[BlackElo "2105"]
[PlyCount "97"]
[EventDate "2018.07.20"]
[EventType "swiss"]
[EventRounds "13"]
[EventCountry "HUN"]

1. e4 e6 2. d4 d5 3. Nc3 Nf6 4. Bg5 dxe4 5. Nxe4 Be7 6. Bxf6 Bxf6 7. Nf3 Bd7 8.
Bd3 Bc6 9. c3 Nd7 10. Qc2 h6 11. O-O-O Qe7 12. Kb1 O-O-O 13. Rhe1 Nb6 14. Bf1
Rhe8 15. Nxf6 Qxf6 16. Ne5 Bd7 17. g3 Kb8 18. Bg2 Bc8 19. f4 Nd7 20. Nd3 Qf5
21. Be4 Qa5 22. a4 Qb6 23. b4 Qd6 24. Qb3 Nf6 25. Bf3 Nd7 26. a5 a6 27. Rd2 Nf6
28. Ne5 Qf8 29. Rb2 Nd7 30. b5 Nxe5 31. Rxe5 Qd6 32. bxa6 Qxa6 33. Rb5 Rd5 34.
Bxd5 exd5 35. Ka2 Re1 36. Qb4 Ka8 37. Qf8 b6 38. Qa3 Kb7 39. Rxb6+ cxb6 40.
Rxb6+ Qxb6 41. axb6 Kxb6 42. Qc5+ Kb7 43. Qxd5+ Kb8 44. Qd6+ Ka8 45. d5 Ka7 46.
Qc5+ Kb8 47. Qb6+ Ka8 48. c4 Bf5 49. Qa5+ 1-0

[Event "Magyar Rapid Bajnokság"]
[Site "Ajka"]
[Date "2018.07.20"]
[Round "2.17"]
[White "Bagi, Mate"]
[Black "Paksa, Rudolf"]
[Result "1-0"]
[WhiteElo "2394"]
[BlackElo "2073"]
[PlyCount "45"]
[EventDate "2018.07.20"]
[EventType "swiss"]
[EventRounds "13"]
[EventCountry "HUN"]

1. e4 e5 2. Nf3 d5 3. Nxe5 Bd6 4. d4 dxe4 5. Nc4 a6 6. Nc3 Bf5 7. g4 Bg6 8. Bg2
Bb4 9. O-O Bxc3 10. bxc3 Nf6 11. f4 exf3 12. Re1+ Kf8 13. Ba3+ Kg8 14. Qxf3 Nc6
15. Ne5 Nxd4 16. cxd4 Qxd4+ 17. Qe3 Qxe3+ 18. Rxe3 c6 19. Rb1 Nd5 20. Bxd5 cxd5
21. Rxb7 Bxc2 22. Nxf7 Be4 23. Bb2 1-0

[Event "Magyar Rapid Bajnokság"]
[Site "Ajka"]
[Date "2018.07.20"]
[Round "3.1"]
[White "Almasi, Zoltan"]
[Black "Bagi, Mate"]
[Result "1-0"]
[WhiteElo "2650"]
[BlackElo "2394"]
[PlyCount "73"]
[EventDate "2018.07.20"]
[EventType "swiss"]
[EventRounds "13"]
[EventCountry "HUN"]

1. e4 e5 2. Nf3 Nc6 3. Bb5 a6 4. Ba4 Nf6 5. O-O Be7 6. d3 d6 7. c3 O-O 8. Re1
Nd7 9. h3 Nb6 10. Bb3 a5 11. Be3 Ra6 12. a4 Kh8 13. d4 exd4 14. Nxd4 Nxd4 15.
Bxd4 c5 16. Be3 f5 17. exf5 Bxf5 18. Na3 d5 19. Nb5 Qd7 20. Qh5 d4 21. Rad1 d3
22. Rd2 Nd5 23. Bxd5 Qxd5 24. Nc7 Qc6 25. Nxa6 Qxa6 26. Bg5 Bd6 27. Be7 Bxe7
28. Rxe7 Qf6 29. Rxb7 Qe5 30. Qg5 Re8 31. Qe3 Be4 32. Rb5 Qf6 33. Rxc5 Bg6 34.
Qd4 Qe7 35. Kh2 Qe1 36. Rc7 Rg8 37. Qe3 1-0

[Event "Magyar Rapid Bajnokság"]
[Site "Ajka"]
[Date "2018.07.20"]
[Round "3.2"]
[White "Dankhazi, Andras"]
[Black "Erdos, Viktor"]
[Result "0-1"]
[WhiteElo "2361"]
[BlackElo "2617"]
[PlyCount "58"]
[EventDate "2018.07.20"]
[EventType "swiss"]
[EventRounds "13"]
[EventCountry "HUN"]

1. d4 Nf6 2. c4 g6 3. g3 d5 4. cxd5 c6 5. Bg2 cxd5 6. Nc3 Bg7 7. Nf3 Ne4 8.
Qa4+ Bd7 9. Qb3 Nxc3 10. bxc3 Bc6 11. Ne5 Bxe5 12. dxe5 d4 13. Bxc6+ Nxc6 14.
Qxb7 Rc8 15. cxd4 Nxd4 16. O-O Nxe2+ 17. Kg2 Qd7 18. Qxd7+ Kxd7 19. Be3 Rc2 20.
Bxa7 Ra8 21. Be3 Raxa2 22. Rxa2 Rxa2 23. Rb1 Nc3 24. Rb7+ Ke6 25. Bd4 Nd5 26.
Kf3 h5 27. h3 Ra3+ 28. Ke2 h4 29. Bb2 hxg3 0-1

[Event "Magyar Rapid Bajnokság"]
[Site "Ajka"]
[Date "2018.07.20"]
[Round "3.3"]
[White "Balog, Imre"]
[Black "Hajnal, Zoltan"]
[Result "1-0"]
[WhiteElo "2613"]
[BlackElo "2357"]
[PlyCount "61"]
[EventDate "2018.07.20"]
[EventType "swiss"]
[EventRounds "13"]
[EventCountry "HUN"]

1. d4 d5 2. Nf3 Nf6 3. c4 c6 4. Qb3 dxc4 5. Qxc4 Bf5 6. g3 e6 7. Bg2 Be7 8. O-O
Nbd7 9. e3 O-O 10. Qe2 h6 11. Rd1 Rc8 12. b3 a5 13. Bb2 a4 14. Ne5 Nxe5 15.
dxe5 Nd7 16. Na3 axb3 17. axb3 Qc7 18. Nc4 Nc5 19. Nd6 Nxb3 20. e4 Bh7 21. Nxc8
Rxc8 22. Rab1 b5 23. Qc2 Na5 24. Bf1 Nb7 25. f3 Nc5 26. Ba3 Nxe4 27. Bxe7 Qa7+
28. Kg2 Ng5 29. Qxc6 Rb8 30. Rxb5 Qa2+ 31. Kh1 1-0

[Event "Magyar Rapid Bajnokság"]
[Site "Ajka"]
[Date "2018.07.20"]
[Round "3.5"]
[White "Papp, Gabor"]
[Black "Hoang, Thanh Trang"]
[Result "1-0"]
[WhiteElo "2574"]
[BlackElo "2351"]
[PlyCount "73"]
[EventDate "2018.07.20"]
[EventType "swiss"]
[EventRounds "13"]
[EventCountry "HUN"]

1. e4 e6 2. d4 d5 3. Nd2 Be7 4. Bd3 c5 5. dxc5 Nf6 6. Qe2 O-O 7. Ngf3 a5 8. e5
Nfd7 9. h4 h6 10. Nf1 Nc6 11. Ng3 Nxc5 12. Nh5 Nxd3+ 13. cxd3 f5 14. Nf4 Bc5
15. Ng6 Rf7 16. Rh3 Ne7 17. Rg3 Nxg6 18. Rxg6 Kh7 19. h5 Bd7 20. Be3 Bb4+ 21.
Kf1 Ra6 22. Kg1 f4 23. Bd2 Bxd2 24. Qxd2 Rf5 25. Rg4 Be8 26. Rxf4 Rxf4 27. Qxf4
Bxh5 28. Nd4 Bg6 29. Rc1 Rb6 30. b3 Bxd3 31. Qf7 Qg5 32. Rc8 Qxe5 33. Nf3 Qa1+
34. Kh2 Qf6 35. Qg8+ Kg6 36. Rf8 Qc3 37. Qf7+ 1-0

[Event "Magyar Rapid Bajnokság"]
[Site "Ajka"]
[Date "2018.07.20"]
[Round "3.6"]
[White "Csonka, Attila Istvan"]
[Black "Ruck, Robert"]
[Result "1/2-1/2"]
[WhiteElo "2337"]
[BlackElo "2570"]
[PlyCount "71"]
[EventDate "2018.07.20"]
[EventType "swiss"]
[EventRounds "13"]
[EventCountry "HUN"]

1. e4 c6 2. d4 d5 3. Nc3 dxe4 4. Nxe4 Bf5 5. Ng3 Bg6 6. h4 h6 7. Nh3 Nf6 8. Nf4
Bh7 9. c3 e6 10. Nfh5 Nbd7 11. Bf4 Qa5 12. Nxf6+ Nxf6 13. Bd3 Bxd3 14. Qxd3 Rd8
15. Qe2 Be7 16. O-O O-O 17. Be5 Nd7 18. Nh5 Nxe5 19. dxe5 g6 20. Nf4 Bxh4 21.
Qe4 Kh7 22. Nxg6 fxg6 23. Qxh4 Qxe5 24. Qe7+ Qg7 25. Qxe6 Rd2 26. Rad1 Rfd8 27.
Rxd2 Rxd2 28. Re1 h5 29. Qe8 Rd7 30. g3 Qf7 31. Qxf7+ Rxf7 32. Rd1 Kg7 33. Rd6
Rf6 34. Rd7+ Rf7 35. Rd6 Rf6 36. Rd7+ 1/2-1/2

[Event "Magyar Rapid Bajnokság"]
[Site "Ajka"]
[Date "2018.07.20"]
[Round "3.7"]
[White "Medvegy, Zoltan"]
[Black "Deak, Sandor"]
[Result "1-0"]
[WhiteElo "2542"]
[BlackElo "2335"]
[PlyCount "43"]
[EventDate "2018.07.20"]
[EventType "swiss"]
[EventRounds "13"]
[EventCountry "HUN"]

1. c4 c5 2. g3 Nf6 3. Bg2 d5 4. cxd5 Nxd5 5. Nc3 Nc7 6. d3 Nc6 7. Bxc6+ bxc6 8.
Qa4 Bd7 9. Nf3 f6 10. Be3 e5 11. Qa5 Qb8 12. Bxc5 Bxc5 13. Qxc5 Ne6 14. Qa3 c5
15. Ne4 Bc6 16. Nxc5 Nxc5 17. Qxc5 Bxf3 18. exf3 Qxb2 19. O-O Qb6 20. Qc4 Qd4
21. Qe6+ Kf8 22. Rac1 1-0

[Event "Magyar Rapid Bajnokság"]
[Site "Ajka"]
[Date "2018.07.20"]
[Round "3.8"]
[White "Papp, Gellert"]
[Black "Vertetics, Attila"]
[Result "0-1"]
[WhiteElo "2324"]
[BlackElo "2506"]
[PlyCount "144"]
[EventDate "2018.07.20"]
[EventType "swiss"]
[EventRounds "13"]
[EventCountry "HUN"]

1. e4 c6 2. d4 d5 3. e5 Bf5 4. Nf3 e6 5. Be2 Nd7 6. O-O h6 7. Nbd2 Ne7 8. Nb3
Bh7 9. a4 Ng6 10. a5 a6 11. c4 Be7 12. Bd2 O-O 13. Bd3 Re8 14. cxd5 cxd5 15.
Rc1 Rc8 16. Qe2 Rxc1 17. Rxc1 Qb8 18. g3 Rc8 19. Rf1 Rc6 20. Ne1 Ngf8 21. f4
Bxd3 22. Nxd3 f5 23. Kh1 Qe8 24. Rg1 Qg6 25. Bc3 Kf7 26. Nd2 Ke8 27. Nf1 h5 28.
Ne3 Qh7 29. Qf3 h4 30. g4 fxg4 31. Nxg4 Qf5 32. Ndf2 g5 33. Nh3 gxf4 34. Qxf4
Qxf4 35. Nxf4 Rc4 36. Ra1 Bg5 37. Nh3 Be7 38. Ne3 Rc7 39. Rg1 Nb8 40. Nf4 Nc6
41. Nd3 Bd8 42. Nc5 Rh7 43. b4 h3 44. Rg3 Rh4 45. Rg4 Rh7 46. Kg1 Bh4 47. Rg8
Nd8 48. Rg4 Be7 49. Nd3 Nc6 50. Kf2 Bh4+ 51. Ke2 Be7 52. Kf3 Kf7 53. Rg1 Ng6
54. Rb1 Na7 55. Be1 Nb5 56. Nc2 Nh4+ 57. Kg4 Nf5 58. Bf2 Nc3 59. Rb3 Ne4 60. b5
Nxf2+ 61. Nxf2 Rh4+ 62. Kf3 Nxd4+ 63. Nxd4 Rxd4 64. bxa6 bxa6 65. Rb6 Ra4 66.
Rxa6 Ra3+ 67. Kg4 Ra4+ 68. Kxh3 Bb4 69. Ra7+ Kg6 70. a6 Bc5 71. Rc7 Bxf2 72.
Rc6 Kf5 0-1

[Event "Magyar Rapid Bajnokság"]
[Site "Ajka"]
[Date "2018.07.20"]
[Round "3.9"]
[White "Czebe, Attila"]
[Black "Csonka, Balazs"]
[Result "1/2-1/2"]
[WhiteElo "2488"]
[BlackElo "2311"]
[PlyCount "95"]
[EventDate "2018.07.20"]
[EventType "swiss"]
[EventRounds "13"]
[EventCountry "HUN"]

1. Nf3 d5 2. g3 c5 3. Bg2 Nc6 4. d4 Nf6 5. O-O cxd4 6. Nxd4 e5 7. Nxc6 bxc6 8.
c4 Be6 9. Bg5 Rc8 10. cxd5 cxd5 11. Qa4+ Qd7 12. Qxd7+ Nxd7 13. Nc3 f6 14. Bd2
d4 15. Na4 Nc5 16. Nxc5 Bxc5 17. Rfc1 Kd7 18. b4 Bd6 19. b5 Ba3 20. Rc6 Rxc6
21. bxc6+ Kd6 22. Rb1 Bd5 23. c7 Rc8 24. Rb8 Be6 25. Ba5 Bc5 26. Be4 h6 27. Bd3
Bb6 28. Bxb6 axb6 29. Rxb6+ Ke7 30. a4 Rxc7 31. f3 Bc4 32. Bxc4 Rxc4 33. a5 Ra4
34. a6 Kf7 35. g4 Kg6 36. Kf2 Ra2 37. Ke1 Kg5 38. Rd6 Kf4 39. Kf2 Kg5 40. Rd7
Rxa6 41. Rxg7+ Kf4 42. Rd7 Ra2 43. h4 Ra8 44. Rd6 Rf8 45. Ra6 h5 46. gxh5 Kf5
47. e4+ dxe3+ 48. Kxe3 1/2-1/2

[Event "Magyar Rapid Bajnokság"]
[Site "Ajka"]
[Date "2018.07.20"]
[Round "3.10"]
[White "Martini, Balazs"]
[Black "Horvath, Adam"]
[Result "0-1"]
[WhiteElo "2295"]
[BlackElo "2479"]
[PlyCount "88"]
[EventDate "2018.07.20"]
[EventType "swiss"]
[EventRounds "13"]
[EventCountry "HUN"]

1. d4 Nf6 2. Bf4 b6 3. e3 Bb7 4. h3 g6 5. Nf3 Bg7 6. Be2 O-O 7. O-O d6 8. a4
Nc6 9. Nbd2 Nd7 10. c3 e5 11. Bh2 Qe7 12. Nc4 f5 13. a5 Rae8 14. axb6 axb6 15.
Qb3 Kh8 16. dxe5 dxe5 17. Rfd1 g5 18. Ne1 f4 19. Bh5 Rd8 20. Qc2 Nf6 21. Be2
Qe6 22. Rxd8 Rxd8 23. Rd1 Rf8 24. Nf3 h6 25. exf4 exf4 26. Bd3 Nd7 27. Re1 Qf7
28. Ncd2 Nde5 29. Nxe5 Nxe5 30. Be4 Ba6 31. Nf3 Nxf3+ 32. Bxf3 Bc8 33. Qe4 Qb3
34. Qe2 Bf5 35. h4 Bg6 36. Qd2 Qc4 37. hxg5 hxg5 38. Be2 Qc5 39. Bd1 Qf5 40.
Bb3 g4 41. Be6 Qg5 42. g3 fxg3 43. Qxg5 gxf2+ 44. Kf1 Bd3+ 0-1

[Event "Magyar Rapid Bajnokság"]
[Site "Ajka"]
[Date "2018.07.20"]
[Round "3.11"]
[White "Egresi, Mate"]
[Black "Horvath, Peter"]
[Result "1/2-1/2"]
[WhiteElo "2280"]
[BlackElo "2438"]
[PlyCount "121"]
[EventDate "2018.07.20"]
[EventType "swiss"]
[EventRounds "13"]
[EventCountry "HUN"]

1. d4 d5 2. c4 e6 3. Nf3 Nf6 4. Nc3 Bb4 5. Bg5 Nbd7 6. e3 c5 7. cxd5 exd5 8.
Bd3 Qa5 9. Qc2 c4 10. Bf5 O-O 11. O-O Re8 12. Nd2 g6 13. Bxd7 Nxd7 14. h4 Bxc3
15. bxc3 Nb6 16. e4 dxe4 17. Nxe4 Nd5 18. Nd6 Re6 19. Nxc4 Qxc3 20. Qxc3 Nxc3
21. d5 Nxd5 22. Rfd1 b5 23. Rxd5 bxc4 24. Rc5 Ba6 25. Be3 Rc8 26. Rd1 Ree8 27.
Rdd5 c3 28. Rxc8 Rxc8 29. Rc5 Rxc5 30. Bxc5 c2 31. Be3 Bc4 32. a3 a5 33. g3 f6
34. Kg2 Kf7 35. Kf3 Ke6 36. Bc1 a4 37. Ke3 Kf5 38. Bb2 g5 39. Kd2 Bb3 40. Bd4
h6 41. Bc3 Ke6 42. Bd4 gxh4 43. gxh4 f5 44. Be3 h5 45. Bb6 Ke5 46. Kc1 Ke4 47.
Bc5 f4 48. Bb6 Kf3 49. Bc5 Kg4 50. Be7 Kf5 51. Bd8 Ke4 52. Bb6 Kd3 53. Bd8 Be6
54. Bc7 f3 55. Bd8 Bf5 56. Bc7 Kc3 57. Bd8 Kb3 58. Be7 Kc3 59. Bd8 Kd3 60. Bb6
Bg6 61. Bc7 1/2-1/2

[Event "Magyar Rapid Bajnokság"]
[Site "Ajka"]
[Date "2018.07.20"]
[Round "3.12"]
[White "Csiszar, Csaba"]
[Black "Papp, Petra"]
[Result "1-0"]
[WhiteElo "2432"]
[BlackElo "2287"]
[PlyCount "73"]
[EventDate "2018.07.20"]
[EventType "swiss"]
[EventRounds "13"]
[EventCountry "HUN"]

1. d4 Nf6 2. Nf3 g6 3. c4 Bg7 4. d5 e6 5. Nc3 exd5 6. cxd5 d6 7. e4 Qe7 8. Bd3
Nbd7 9. O-O Nc5 10. Bb5+ Bd7 11. Bxd7+ Nfxd7 12. Bg5 Bf6 13. Bxf6 Nxf6 14. Qd4
O-O 15. Rae1 Ncd7 16. Qb4 Nb6 17. a4 a5 18. Qd4 Nbd7 19. Nd2 Rfe8 20. f4 c6 21.
dxc6 bxc6 22. e5 dxe5 23. fxe5 Nh5 24. Nc4 Qc5 25. Qxc5 Nxc5 26. Rd1 Ng7 27.
Rd6 Re6 28. Rfd1 Nf5 29. Rd8+ Rxd8 30. Rxd8+ Kg7 31. Ra8 Nb3 32. Ne4 g5 33. g4
Nfd4 34. Kf2 Re7 35. Nf6 Rxe5 36. Nh5+ Kh6 37. Nxe5 1-0

[Event "Magyar Rapid Bajnokság"]
[Site "Ajka"]
[Date "2018.07.20"]
[Round "3.14"]
[White "Nemeth, Miklos"]
[Black "Jakab, Attila"]
[Result "1-0"]
[WhiteElo "2469"]
[BlackElo "2363"]
[PlyCount "125"]
[EventDate "2018.07.20"]
[EventType "swiss"]
[EventRounds "13"]
[EventCountry "HUN"]

1. e4 c5 2. Nf3 g6 3. c3 Bg7 4. d4 cxd4 5. cxd4 d5 6. e5 Bg4 7. Nc3 Nc6 8. Bb5
Rc8 9. h3 Bxf3 10. Qxf3 e6 11. O-O Nge7 12. Bg5 O-O 13. Bxc6 Rxc6 14. Nb5 a6
15. Nc3 h6 16. Bxe7 Qxe7 17. Qe3 h5 18. f4 h4 19. Rf2 Rfc8 20. Qf3 b5 21. Rd1
Rc4 22. Qg4 Rb8 23. Rd3 Kh7 24. b3 Rc6 25. f5 exf5 26. Qf3 Rbc8 27. Nxd5 Qg5
28. Nf4 Bh6 29. Ne2 Rc2 30. d5 Qe7 31. d6 Qxe5 32. d7 Rd8 33. Nc3 Rxf2 34. Kxf2
Bf8 35. Kf1 Kg7 36. Rd5 Qc7 37. Qd3 Be7 38. Ne2 Bf6 39. Rd6 Qc5 40. Rd5 Qc6 41.
Rd6 Qc5 42. Rd5 Qa3 43. Qd2 Qe7 44. Nd4 Qe4 45. Nc6 Rxd7 46. Rxd7 Qxc6 47. a3
Qe4 48. b4 Be5 49. Qd5 Qb1+ 50. Ke2 Qb2+ 51. Kf1 Qb1+ 52. Qd1 Qe4 53. Qd3 Qf4+
54. Ke2 Bf6 55. Qd5 Kh6 56. Rxf7 Kg5 57. Qd2 Qxd2+ 58. Kxd2 Bb2 59. Ra7 Bxa3
60. Kc3 Kf4 61. Rxa6 g5 62. Rxa3 Kg3 63. Ra2 1-0

[Event "Magyar Rapid Bajnokság"]
[Site "Ajka"]
[Date "2018.07.20"]
[Round "3.15"]
[White "Almasi, Istvan"]
[Black "Czupor, Attila"]
[Result "0-1"]
[WhiteElo "2416"]
[BlackElo "2045"]
[PlyCount "70"]
[EventDate "2018.07.20"]
[EventType "swiss"]
[EventRounds "13"]
[EventCountry "HUN"]

1. Nf3 d5 2. c4 d4 3. b4 c5 4. Bb2 Nf6 5. e3 dxe3 6. fxe3 cxb4 7. d4 e6 8. Bd3
Be7 9. O-O b5 10. cxb5 Bb7 11. Nbd2 Nd5 12. Qe1 Nd7 13. Nc4 a6 14. Nce5 Nxe5
15. Nxe5 Bf6 16. bxa6 Bxa6 17. Bxa6 Rxa6 18. Qe2 Rb6 19. Nc4 Rb8 20. e4 Nc3 21.
Bxc3 bxc3 22. d5 Bd4+ 23. Kh1 O-O 24. dxe6 fxe6 25. Qg4 Rxf1+ 26. Rxf1 Qf6 27.
Qe2 Qe7 28. e5 Qc5 29. h3 Rc8 30. Nd6 c2 31. Nxc8 c1=Q 32. Ne7+ Kh8 33. Rxc1
Qxc1+ 34. Kh2 Bg1+ 35. Kg3 Qg5+ 0-1

[Event "Magyar Rapid Bajnokság"]
[Site "Ajka"]
[Date "2018.07.20"]
[Round "3.17"]
[White "Margl, Roland"]
[Black "Prohaszka, Peter"]
[Result "1-0"]
[WhiteElo "2047"]
[BlackElo "2593"]
[PlyCount "199"]
[EventDate "2018.07.20"]
[EventType "swiss"]
[EventRounds "13"]
[EventCountry "HUN"]

1. Nf3 d5 2. d4 Nf6 3. c4 c6 4. cxd5 cxd5 5. Nc3 Nc6 6. Bf4 a6 7. Rc1 e6 8. e3
Be7 9. h3 O-O 10. Bd3 Bd7 11. O-O Rc8 12. Qe2 Re8 13. Ne5 g6 14. Nxc6 Bxc6 15.
Rc2 Nd7 16. Rfc1 Nb6 17. Nb1 Qd7 18. Nd2 Bd6 19. Bxd6 Qxd6 20. Nb3 Ba4 21. Rxc8
Rxc8 22. Rxc8+ Nxc8 23. Nc5 Bc6 24. Qc2 Qc7 25. b4 Bb5 26. a4 Bxd3 27. Qxd3 Nd6
28. a5 Qc6 29. Qe2 Ne4 30. Qb2 h5 31. h4 Kf8 32. g3 Ke7 33. Kh2 Kd8 34. f3 Nd6
35. Qe2 Nf5 36. Kg2 Qc7 37. Qf2 Kc8 38. e4 Ne7 39. Qd2 Kb8 40. e5 Nc6 41. Qc3
Ka7 42. Kf2 Nb8 43. Ke3 Qc6 44. Qd3 Qc7 45. Qc3 Ka8 46. Qd3 Nc6 47. Qc3 Ne7 48.
g4 Nc6 49. Kf4 Qe7 50. Kg3 Ka7 51. Qd2 Qd8 52. Kh3 Qe7 53. Kg3 f6 54. exf6 Qxf6
55. Nb3 Nxb4 56. Qxb4 e5 57. Qb6+ Qxb6 58. axb6+ Kxb6 59. dxe5 Kc7 60. Kf4 b6
61. Kg5 a5 62. Kxg6 a4 63. Nc1 d4 64. gxh5 a3 65. h6 d3 66. Nxd3 a2 67. h7 a1=Q
68. h8=Q Qg1+ 69. Kf5 Qe3 70. Qg7+ Kc6 71. Qf6+ Kb7 72. Qe7+ Kb8 73. Qd6+ Kb7
74. f4 Qh3+ 75. Ke4 Qh1+ 76. Kd4 Qg1+ 77. Kd5 Qg2+ 78. Kc4 Qa2+ 79. Kc3 Qa1+
80. Nb2 Qc1+ 81. Kb3 Qxf4 82. Nc4 Qg3+ 83. Kb4 Qe1+ 84. Qd2 Qxh4 85. Qd5+ Kc7
86. Qd6+ Kc8 87. Qc6+ Kd8 88. Qxb6+ Ke7 89. Qd6+ Ke8 90. Kc5 Qf2+ 91. Qd4 Qc2
92. e6 Qf5+ 93. Qe5 Qf2+ 94. Kd6 Qf8+ 95. Kc6 Qf3+ 96. Kc7 Qh1 97. Nd6+ Ke7 98.
Nf5+ Ke8 99. Qb5+ Kf8 100. e7+ 1-0

[Event "Magyar Rapid Bajnokság"]
[Site "Ajka"]
[Date "2018.07.20"]
[Round "3.18"]
[White "Pais, Nimrod"]
[Black "Gledura, Benjamin"]
[Result "0-1"]
[WhiteElo "1962"]
[BlackElo "2574"]
[PlyCount "54"]
[EventDate "2018.07.20"]
[EventType "swiss"]
[EventRounds "13"]
[EventCountry "HUN"]

1. d4 Nf6 2. e3 c5 3. Nd2 d5 4. c3 Nc6 5. Bd3 e5 6. dxc5 Bxc5 7. h3 O-O 8. Nb3
Bd6 9. Ne2 Be6 10. Bc2 Qd7 11. Ng3 e4 12. Ne2 Ne5 13. Nbd4 Rac8 14. Nf4 Nc4 15.
Qe2 b5 16. b3 Na3 17. Bxa3 Bxa3 18. Nxb5 Bb2 19. Rb1 Bxc3+ 20. Nxc3 Rxc3 21.
Qd2 Rfc8 22. Bd1 Qb5 23. Ne2 Rd3 24. Qb2 Qb4+ 25. Kf1 Rd2 26. Qa1 Qa3 27. Nd4
Rxa2 0-1

[Event "Magyar Rapid Bajnokság"]
[Site "Ajka"]
[Date "2018.07.20"]
[Round "3.19"]
[White "Groszpeter, Attila"]
[Black "Lehocz, Jozsef"]
[Result "1-0"]
[WhiteElo "2438"]
[BlackElo "1945"]
[PlyCount "93"]
[EventDate "2018.07.20"]
[EventType "swiss"]
[EventRounds "13"]
[EventCountry "HUN"]

1. e4 b6 2. d4 Bb7 3. Nd2 e6 4. Ngf3 g6 5. Bd3 Bg7 6. O-O Ne7 7. e5 d5 8. c3
Nd7 9. Re1 c5 10. Nf1 h6 11. Ng3 Nf5 12. Bxf5 gxf5 13. Nh5 Bf8 14. dxc5 bxc5
15. Qa4 Be7 16. b4 Kf8 17. Bf4 Nb6 18. Qb3 cxb4 19. cxb4 Bg5 20. Bxg5 hxg5 21.
Nf6 g4 22. Ng5 Nd7 23. Ngh7+ Rxh7 24. Nxh7+ Kg7 25. Nf6 Nxf6 26. exf6+ Qxf6 27.
Rac1 d4 28. Qg3 Rd8 29. Red1 Ba6 30. Rd2 Rd5 31. h3 Qg5 32. f4 Qg6 33. a4 Rd7
34. Rcd1 Bb7 35. Rxd4 Bd5 36. hxg4 fxg4 37. f5 Qxf5 38. Rxg4+ Kf8 39. Rg8+ Ke7
40. Rf1 Qh5 41. Qg7 Kd6 42. Qf8+ Ke5 43. Re1+ Kf6 44. Rf1+ Ke5 45. Qb8+ Kd4 46.
Qf4+ Kd3 47. Rg3+ 1-0

[Event "Magyar Rapid Bajnokság"]
[Site "Ajka"]
[Date "2018.07.20"]
[Round "4.1"]
[White "Medvegy, Zoltan"]
[Black "Almasi, Zoltan"]
[Result "0-1"]
[WhiteElo "2542"]
[BlackElo "2650"]
[PlyCount "66"]
[EventDate "2018.07.20"]
[EventType "swiss"]
[EventRounds "13"]
[EventCountry "HUN"]

1. c4 c5 2. Nf3 Nc6 3. Nc3 Nf6 4. g3 g6 5. Bg2 Bg7 6. O-O O-O 7. d4 cxd4 8.
Nxd4 Qa5 9. Nb3 Qh5 10. e4 d6 11. Qxh5 Nxh5 12. Be3 Ne5 13. Nd5 Nxc4 14. Nxe7+
Kh8 15. Bd4 Nxb2 16. Nxc8 Raxc8 17. Bxa7 Na4 18. Bd4 Bxd4 19. Nxd4 Nc3 20. a4
Rc5 21. Nb3 Rc4 22. Na5 Rb4 23. Ra3 Rc8 24. Rfa1 Nf6 25. e5 dxe5 26. Nxb7 Nb1
27. Nd6 Rc1+ 28. Bf1 Rd4 29. Nxf7+ Kg7 30. Nxe5 Rdd1 31. Rd3 Rxf1+ 32. Kg2 Rg1+
33. Kf3 Nd2+ 0-1